| 000 | 00461nam a2200157 i 4500 | ||
|---|---|---|---|
| 001 | 83538 | ||
| 003 | ES-MaACL | ||
| 007 | t| | ||
| 008 | 041117s1966 xxk ||||1| eng d | ||
| 100 | 1 |
_aIrwin, David. _965507 |
|
| 245 | 1 | 0 |
_aEnglish Neoclassical Art _b: studies in Inspiration and Taste / _cDavid Irwin. |
| 250 | _a[1st ed.]. | ||
| 260 |
_aLondon : _bFaber and Faber, _c[1966] |
||
| 300 |
_a230 p., 157 lám. ; _c25 cm. |
||
| 852 |
_aES-MaACL _jE-9685 _bR.94138 |
||
| 999 |
_c83538 _d83538 |
||